000 00406nam a2200169Ia 4500
008 221030s9999 xx 000 0 und d
020 _a0074634547
041 _aEnglish
082 _a105.23
100 _aK. R. Venugopal
245 0 _aMastering C ++
_cby K. R. Venugopal, R. K. Buyya
260 _bTMH
_aNew Delhi
_c2011
300 _a804
650 _aComputers
700 _aR. K. Buyya
942 _cBK
999 _c9963
_d9963